Detalles MARC
| 000 -LEADER |
| fixed length control field |
04144nam a2200553 i 4500 |
| 001 - CONTROL NUMBER |
| control field |
DIGIBE0648 |
| 003 - CONTROL NUMBER IDENTIFIER |
| control field |
NyNyDIG |
| 008 - FIXED-LENGTH DATA ELEMENTS--GENERAL INFORMATION |
| fixed length control field |
200417s2019 sp acd ob 000 idspa d |
| 006 - FIXED-LENGTH DATA ELEMENTS--ADDITIONAL MATERIAL CHARACTERISTICS |
| fixed length control field |
m o d |
| 007 - PHYSICAL DESCRIPTION FIXED FIELD--GENERAL INFORMATION |
| fixed length control field |
cr ||||||||||| |
| 035 ## - SYSTEM CONTROL NUMBER |
| System control number |
(OCoLC)1101186569 |
| 040 ## - CATALOGING SOURCE |
| Original cataloging agency |
DGITA |
| Language of cataloging |
eng |
| Description conventions |
rda |
| -- |
pn |
| Transcribing agency |
DGITA |
| 020 ## - INTERNATIONAL STANDARD BOOK NUMBER |
| International Standard Book Number |
9783954879441 |
| Qualifying information |
eBook |
| -- |
pdf |
| 020 ## - INTERNATIONAL STANDARD BOOK NUMBER |
| International Standard Book Number |
3954879441 |
| Qualifying information |
eBook |
| -- |
pdf |
| 020 ## - INTERNATIONAL STANDARD BOOK NUMBER |
| Canceled/invalid ISBN |
9788491920229 |
| Qualifying information |
Iberoamericana |
| 020 ## - INTERNATIONAL STANDARD BOOK NUMBER |
| Canceled/invalid ISBN |
8491920226 |
| Qualifying information |
Iberoamericana |
| 020 ## - INTERNATIONAL STANDARD BOOK NUMBER |
| Canceled/invalid ISBN |
9783954879434 |
| Qualifying information |
Vervuert |
| 020 ## - INTERNATIONAL STANDARD BOOK NUMBER |
| Canceled/invalid ISBN |
3954879433 |
| Qualifying information |
Vervuert |
| 041 0# - LANGUAGE CODE |
| Language code of text/sound track or separate title |
spa |
| -- |
eng |
| 043 ## - GEOGRAPHIC AREA CODE |
| Geographic area code |
e-au--- |
| 050 14 - LIBRARY OF CONGRESS CALL NUMBER |
| Classification number |
DB36.3.H33 ebook |
| 082 04 - DEWEY DECIMAL CLASSIFICATION NUMBER |
| Classification number |
943.603 |
| 245 00 - TITLE STATEMENT |
| Title |
De puño y letra : |
| Remainder of title |
cartas personales en las redes dinásticas de la Casa de Austria / |
| Statement of responsibility, etc. |
Bernardo J. García García, Katrin Keller, Andrea Sommer-Mathis (eds.). |
| 264 #1 - PRODUCTION, PUBLICATION, DISTRIBUTION, MANUFACTURE, AND COPYRIGHT NOTICE |
| Place of production, publication, distribution, manufacture |
Madrid : |
| Name of producer, publisher, distributor, manufacturer |
Iberoamericana ; |
| Place of production, publication, distribution, manufacture |
Frankfurt am Main : |
| Name of producer, publisher, distributor, manufacturer |
Vervuert, |
| Date of production, publication, distribution, manufacture, or copyright notice |
2019. |
| 300 ## - PHYSICAL DESCRIPTION |
| Extent |
1 online resource : |
| Other physical details |
illustrations (some color), portraits, charts. |
| 336 ## - CONTENT TYPE |
| Content type term |
text |
| Content type code |
txt |
| Source |
rdacontent |
| 337 ## - MEDIA TYPE |
| Media type term |
computer |
| Media type code |
c |
| Source |
rdamedia |
| 338 ## - CARRIER TYPE |
| Carrier type term |
online resource |
| Carrier type code |
cr |
| Source |
rdacarrier |
| 347 ## - DIGITAL FILE CHARACTERISTICS |
| File type |
text file |
| Source |
rdaft |
| 347 ## - DIGITAL FILE CHARACTERISTICS |
| Encoding format |
PDF |
| 490 1# - SERIES STATEMENT |
| Series statement |
Tiempo emulado ; |
| Volume/sequential designation |
65 |
| 504 ## - BIBLIOGRAPHY, ETC. NOTE |
| Bibliography, etc. note |
Includes bibliographical references. |
| 505 0# - FORMATTED CONTENTS NOTE |
| Formatted contents note |
Asuntos privados y diferencias de género en la correspondencia entre María de Hungría, Carlos V y Fernando I / Christopher F. Laferl -- Vísperas, misas cantadas y sermones : prácticas devocionales de la duquesa de Saboya Catalina Micaela / Magdalena S. Sánchez -- Tiempo y salud en las cartas familiares de la infanta Isabel Clara Eugenia a su hermano Felipe III (1611-1621) / Bernardo J. García García -- La infanta María Ana y la vida de familia en la corte imperial a través de la correspondencia con su marido Fernando III / Andrea Sommer-Mathis -- The Archduchess, the Queen, a Jesuit and a Carinthian nobleman : the correspondence of Mary of Styria (1551-1608) with the Spanish Court / Katrin Keller -- Intereses dinásticos y vínculos familiares : la red epistolar transnacional de la gran duquesa María Magdalena de Austria (1608-1631) / Alejandra Franganillo Álvarez -- Private letters to Emperor Ferdinand III at the Riksarkivet (Stockholm) : letters of Electress Maria Anna of Bavaria / Renate Schreiber -- Las emociones en la correspondencia del archiduque Leopoldo Guillermo con su hermano el emperador Fernando III / Pia Zachary -- Cartas domésticas, cartas familiares : the familial and political networks of Queen Mariana of Austria (1665-1696) / Silvia Z. Mitchell -- "Signora di molta stima in questa corte" : la duquesa de Villahermosa Juana de Pernstein a través del epistolario conservado en el Archivo de la Casa de Alba / Pavel Marek -- Entre confidencial y ministerial : uso público de un epistolario privado de la infanta Isabel con fray Íñigo de Brizuela (1621-1628) / Alicia Esteban Estríngana -- Cartas para Johanna : una aproximación a la red epistolar de la condesa de Harrach (1661-1700) / Laura Oliván Santaliestra -- La influencia política, la devoción privada y la educación femenina a través de la correspondencia de las mujeres Habsburgo y el padre Marco d'Aviano (1681-1699) / Rocío Martínez López. |
| 546 ## - LANGUAGE NOTE |
| Language note |
Text mainly in Spanish with three contributions in English. |
| 588 0# - SOURCE OF DESCRIPTION NOTE |
| Source of description note |
Online resource; title from PDF title page (Digitalia, viewed April 18, 2020) |
| 600 30 - SUBJECT ADDED ENTRY--PERSONAL NAME |
| Personal name |
Habsburg, House of |
| Form subdivision |
Correspondence. |
| 651 #0 - SUBJECT ADDED ENTRY--GEOGRAPHIC NAME |
| Geographic name |
Austria |
| General subdivision |
History |
| Chronological subdivision |
1519-1740. |
| 655 #0 - INDEX TERM--GENRE/FORM |
| Genre/form data or focus term |
Electronic books. |
| 700 1# - ADDED ENTRY--PERSONAL NAME |
| Personal name |
García García, Bernardo José, |
| Relator term |
editor. |
| 700 1# - ADDED ENTRY--PERSONAL NAME |
| Personal name |
Keller, Katrin, |
| Relator term |
editor. |
| 700 1# - ADDED ENTRY--PERSONAL NAME |
| Personal name |
Sommer-Mathis, Andrea, |
| Relator term |
editor. |
| 791 2# - |
| -- |
Digitalia (Firm), |
| -- |
distributor. |
| 793 0# - |
| -- |
Digitalia eBook Collection: |
| -- |
Iberoamericana/Vervuert |
| 776 08 - ADDITIONAL PHYSICAL FORM ENTRY |
| Relationship information |
Print version: |
| Title |
De puño y letra. |
| Place, publisher, and date of publication |
Madrid : Iberoamericana ; Frankfurt am Main : Vervuert, 2019 |
| International Standard Book Number |
9788491920229 |
| Record control number |
(DLC) 2018457366 |
| -- |
(OCoLC)1102419548 |
| 830 #0 - SERIES ADDED ENTRY--UNIFORM TITLE |
| Uniform title |
Tiempo emulado ; |
| Volume/sequential designation |
65. |
| 856 40 - ELECTRONIC LOCATION AND ACCESS |
| Materials specified |
Digitalia Hispánica |
| Uniform Resource Identifier |
<a href="https://www.digitaliapublishing.com/a/61885/">https://www.digitaliapublishing.com/a/61885/</a> |
| 910 ## - USER-OPTION DATA (OCLC) |
| User-option data |
Premium collection: 2020 |
| 942 ## - ADDED ENTRY ELEMENTS (KOHA) |
| Koha item type |
Recurso Electrónico |